000 01873cam a22003857a 4500
001 2683
003 FISKH
005 20240109152459.0
008 120913s2012 nyua c 000 1 eng d
010 _a 2011279706
020 _a9780545206990
020 _a0545206995
035 _a(OCoLC)ocn744299482
040 _aBTCTA
_beng
_cBTCTA
_dGK8
_dCWJ
_dBDX
_dMJ8
_dJTQ
_dDLC
042 _alccopycat
050 0 0 _aPZ7.T211115
_bIan 2012
082 0 4 _a468.6
_223
100 1 _aTarshis, Lauren.
245 1 0 _aI survived the San Francisco earthquake, 1906 /
_cby Lauren Tarshis ; illustrated by Scott Dawson.
260 _aNew York :
_bScholastic,
_c2012.
300 _a88, 10 unnumbered pages :
_billustrations ;
_c20 cm
520 _aTen-year-old Leo loves being a newsboy in San Francisco -- not only does he get to make some money to help his family, he's free to explore the amazing, hilly city as it changes and grows with the new century. Horse-drawn carriages share the streets with shiny new automobiles, new businesses and families move in every day from everywhere, and anything seems possible. But early one spring morning, everything changes. Leo's world is shaken -- literally -- and he finds himself stranded in the middle of San Francisco as it crumbles and burns to the ground.
521 _a610
_bLexile
521 _aO
_bRaz-Plus
650 0 _aEarthquakes
_vJuvenile fiction.
650 0 _aEarthquakes
_zCalifornia
_zSan Francisco
_vJuvenile fiction.
650 1 _aEarthquakes
_vFiction.
650 1 _aEarthquakes
_zCalifornia
_zSan Francisco
_vFiction.
651 0 _aCalifornia
_xHistory
_y20th century
_vJuvenile fiction.
651 1 _aCalifornia
_xHistory
_y20th century
_vFiction.
655 7 _aAdventure fiction.
_2gsafd
700 1 _aDawson, Scott.
_eillustrator
906 _a7
_bcbc
_ccopycat
_d2
_encip
_f20
_gy-gencatlg
942 _2ddc
_cBK
_n0
999 _c2683
_d2683